<?xml version="1.0" encoding="UTF-8"?>
<collection xmlns="http://www.loc.gov/MARC21/slim">
    <record>
        <controlfield tag="001">67604</controlfield>
        <controlfield tag="005">20180223094950.0</controlfield>
        <datafield tag="037" ind1=" " ind2=" ">
            <subfield code="a">GDOC-2016-30313</subfield>
        </datafield>
        <datafield tag="041" ind1=" " ind2=" ">
            <subfield code="a">spa</subfield>
        </datafield>
        <datafield tag="100" ind1=" " ind2=" ">
            <subfield code="0">(orcid)0000-0003-4690-6089</subfield>
            <subfield code="1">384386</subfield>
            <subfield code="a">Ruiz Más, José de las Huertas</subfield>
        </datafield>
        <datafield tag="245" ind1="0" ind2="0">
            <subfield code="9">30313</subfield>
            <subfield code="a">Fundamentos de redes</subfield>
        </datafield>
        <datafield tag="260" ind1=" " ind2=" ">
            <subfield code="a">Zaragoza</subfield>
            <subfield code="b">Universidad de Zaragoza</subfield>
            <subfield code="c">2016-2017</subfield>
        </datafield>
        <datafield tag="520" ind1=" " ind2=" ">
            <subfield code="a">Breve presentación de la asignatura
La asignatura Fundamentos de Redes proporciona al estudiante una visión general de los principios fundamentales tanto teóricos como prácticos de las redes de comunicaciones.
La asignatura consta de 6 créditos ECTS, con la siguiente distribución aproximada: conceptos básicos de las redes de comunicaciones incluyendo los correspondientes a arquitecturas, protocolos y servicios de comunicación (1,3 ECTS), niveles físico y de enlace de las redes de comunicaciones, principales funciones asociadas y redes de área local (2,9 ECTS), y las redes de área extensa y sus conceptos básicos junto a las principales funciones asociadas al nivel de red (1,8 ECTS).
El conjunto total de créditos se distribuyen en sesiones presenciales de presentaciones teóricas, talleres de problemas, prácticas de laboratorio, seminarios y actividades de trabajo personal del estudiante.</subfield>
            <subfield code="b"> </subfield>
        </datafield>
        <datafield tag="521" ind1=" " ind2=" ">
            <subfield code="9">145</subfield>
            <subfield code="a">Ingeniería de Tecnologías y Servicios de Telecomunicación</subfield>
        </datafield>
        <datafield tag="540" ind1=" " ind2=" ">
            <subfield code="a">by-nc-sa</subfield>
            <subfield code="b">Creative Commons</subfield>
            <subfield code="c">3.0</subfield>
            <subfield code="u">http://creativecommons.org/licenses/by-nc-sa/3.0/</subfield>
        </datafield>
        <datafield tag="700" ind1=" " ind2=" ">
            <subfield code="0">(orcid)0000-0002-2887-2105</subfield>
            <subfield code="1">405085</subfield>
            <subfield code="a">Martínez Ruiz, Ignacio</subfield>
        </datafield>
        <datafield tag="700" ind1=" " ind2=" ">
            <subfield code="0">(orcid)0000-0002-0719-7198</subfield>
            <subfield code="1">582513</subfield>
            <subfield code="a">Delgado Pinillos, Carmen</subfield>
        </datafield>
        <datafield tag="830" ind1=" " ind2=" ">
            <subfield code="9">438</subfield>
        </datafield>
        <datafield tag="856" ind1="4" ind2=" ">
            <subfield code="s">17658</subfield>
            <subfield code="u">http://zaguan.unizar.es/record/67604/files/guia-30313-es.pdf</subfield>
            <subfield code="y">Guía (idioma español)</subfield>
        </datafield>
        <datafield tag="856" ind1="4" ind2=" ">
            <subfield code="s">9566</subfield>
            <subfield code="u">http://zaguan.unizar.es/record/67604/files/guia-30313-en.pdf</subfield>
            <subfield code="y">Guide (english)</subfield>
        </datafield>
        <datafield tag="970" ind1=" " ind2=" ">
            <subfield code="a">GDOC-2016-30313</subfield>
        </datafield>
        <datafield tag="980" ind1=" " ind2=" ">
            <subfield code="a">GDOC</subfield>
            <subfield code="b">Ingeniería y arquitectura</subfield>
            <subfield code="c">110</subfield>
        </datafield>
    </record>

    
</collection>